000 00329nam a2200145Ia 4500
008 230718s9999 xx 000 0 und d
041 _aEng.
082 _a343.05
_bSAC-I
100 _aSaced, Dh. Khawaja
245 0 _aIncome Tax Law
260 _aPakistan
_bbucurary in
_c1982
300 _a555
650 _aLaw
999 _c29162
_d29162